Fr. Conceicao Rodrigues College of Engineering

The Sustainable enterprise (Record no. 21346)

MARC details
000 -LEADER
fixed length control field 00369nam a2200169Ia 4500
082 ## - DEWEY DECIMAL CLASSIFICATION NUMBER
Classification number 658.152/REU
Item number REU
100 ## - MAIN ENTRY--PERSONAL NAME
Personal name Reuvid/Jonathan
245 ## - TITLE STATEMENT
Title The Sustainable enterprise
260 ## - PUBLICATION, DISTRIBUTION, ETC.
Name of publisher, distributor, etc. Kogan Page
Place of publication, distribution, etc. USA
Date of publication, distribution, etc. 2006
366 ## - TRADE AVAILABILITY INFORMATION
Publishers's discount category 20
300 ## - PHYSICAL DESCRIPTION
Extent 231
546 ## - LANGUAGE NOTE
Language note ENGLISH
650 ## - SUBJECT ADDED ENTRY--TOPICAL TERM
Topical term or geographic name entry element Sustainable
654 ## - SUBJECT ADDED ENTRY--FACETED TOPICAL TERMS
Focus term sustainable enterprise
942 ## - ADDED ENTRY ELEMENTS (KOHA)
Koha item type BOOK
Holdings
Withdrawn status Lost status Damaged status Not for loan Collection Home library Current library Date acquired Source of acquisition Cost, normal purchase price Inventory number Total Checkouts Full call number Barcode Date last seen Cost, replacement price Price effective from Koha item type
        CRC Fr. Agnel's C.Rodrigues College of Engineering Fr. Agnel's C.Rodrigues College of Engineering 17/03/2023 Professional Book House. 475.00 563 dt 25/03/2008   658.152/REU REU 18578 17/03/2023 495.00   BOOK